| 000 | 00874nam a22002775a 4500 | ||
|---|---|---|---|
| 008 | 111012t2011 nyua|||fr|||| 001 0 eng d | ||
| 020 | _a9780071221153 | ||
| 020 | _a0071221158 | ||
| 040 |
_aEG-ScBuE _beng _cEG-ScBuE |
||
| 082 | 0 | 4 |
_a658.15 _bJOR _222 |
| 100 | 1 |
_aJordan,Bradford D. _92319 |
|
| 245 | 1 | 0 |
_aCorporate Finance Essentials / _cBradford D. Jordan,Randolph W. Westerfield,Stephen A. Ross. |
| 250 | _a7th ed. | ||
| 260 |
_aNew York : _bMcGraw-Hill Irwin, _cc.2011 |
||
| 300 |
_a668 p. : _bill. ; _c26 cm |
||
| 500 | _a"Global edition"--Cover. | ||
| 500 | _aIncludes index | ||
| 500 | _aGlossary : p. 640-646. | ||
| 590 | _ayassmeen ashraf | ||
| 650 | 0 |
_919972 _aCorporations _x Finance. _2BUEsh |
|
| 651 | _2BUEsh | ||
| 653 |
_bENGGEN _cAugust2015 |
||
| 700 | 1 |
_92322 _aWesterfield, Randolph. |
|
| 700 | 1 |
_92323 _aJordan, Bradford D. |
|
| 942 |
_2ddc _cBB |
||
| 999 |
_c16140 _d16140 |
||